00699cam a2200217 i 45000010008000000030006000080050017000140080041000310100017000720200035000890400018001240500019001420820016001611000019001772450116001962600039003123000033003515040041003846500023004257000033004481303597GBCCL20241126110402.0790329s1978 nyua b 000 0 eng  a 77014794  a0809102315.a0809120593c$3.95 aDLCcDLCdDLC00aBT732.5b.L52700a248.86bLIN1 aLinn, Matthew.10aHealing life's hurts :bhealing memories through five stages of forgiveness /cby Matthew Linn and Dennis Linn. aNew York :bPaulist Press,cc1978. aix, 249 p. :bill. ;c21 cm. aIncludes bibliographical references. 0aSpiritual healing.1 aLinn, Dennis,ejoint author.